| 000 | 00366nam a2200157Ia 4500 | ||
|---|---|---|---|
| 100 | _aRamakrishnan/Raghu/ Gehrke/Johannes | ||
| 250 | _a3 | ||
| 942 | _cBK | ||
| 366 | _f15 | ||
| 654 | _adatabase | ||
| 245 | _aDatabase Management Systems | ||
| 260 |
_bMcGraw Hill International _aBoston _c2003 |
||
| 082 |
_a005.74/RAM _bRAM |
||
| 300 | _a1065 | ||
| 546 | _aENGLISH | ||
| 999 |
_c35201 _d35201 |
||